000
00303nam a2200133Ia 4500
100
_a
Kumbhojkar / G.V
942
_c
BK
654
_a
probability
245
_a
Probability and Random Processes
260
_b
C.Jamnadas&co.
_a
Pune
_c
2007
082
_a
519.2/KUM
_b
KUM
300
_a
158
546
_a
ENGLISH
999
_c
28618
_d
28618